000 00386cam a2200145ua 4500
041 _aeng
_h
082 _a828.09
_bROS/SH
100 _aRosen , William .
245 _aShakespeare and the craft of tragedy /
_cWilliam Rosen.
_hTextual Documents
260 _aCambridge :
_bHarward University Press ,
_c1964.
300 _a231 ; .
504 _a
942 _cBK
999 _c11571
_d11571